The guinness book of olympic facts and feats
| Main Author: | |
|---|---|
| Format: | Book |
| Published: |
London :
Guinness Publishing ,
1996
|
| Subjects: |
MARC
| LEADER | 00000cam a2200000 7i4500 | ||
|---|---|---|---|
| 001 | 0000025592 | ||
| 002 | 000027592 | ||
| 005 | 20000330.0 | ||
| 020 | |a 0851126391 | ||
| 090 | 0 | 0 | |a 796.48 RE |
| 100 | 0 | |a Greenberg, Stan | |
| 245 | 1 | 4 | |a The guinness book of olympic facts and feats |c Stan Greenberg |
| 260 | |a London : |b Guinness Publishing , |c 1996 | ||
| 300 | |a 256p. : |b ill ; |c 23cm. | ||
| 650 | 0 | 0 | |a Olympics |x History |x Periodicals |
| 999 | |a 00073461 |b BUKU |c PINJAMAN |e PERPUSTAKAAN KOMUNITI PETALING JAYA | ||